Martinelli Quiz - Statistics

General Stats
  • This quiz has been taken 29 times
  • The average score is 4 of 5
Answer Stats
Hint Answer % Correct
What team does Martinelli play for Arsenal
100%
What is Martienellis first name Gabriel
100%
Where is Martinelli from Brazil
88%
What is Martinellis shirt number 35
71%
What position does Martinelli play Lw
59%
No matching quizzes found
Score Distribution
Percent of People with Each Score
Percentile by Number Answered
Your Score History
You have not taken this quiz